London view management framework (Record no. 107289)
[ view plain ]
| 000 -LEADER | |
|---|---|
| fixed length control field | 01281cam a22002295a 4500 |
| 001 - CONTROL NUMBER | |
| control field | L139301 |
| 008 - FIXED-LENGTH DATA ELEMENTS--GENERAL INFORMATION | |
| fixed length control field | 070725e20070713xxkbeo f f000 0 eng d |
| 020 ## - INTERNATIONAL STANDARD BOOK NUMBER | |
| International Standard Book Number | 9781847810571 |
| 035 ## - SYSTEM CONTROL NUMBER | |
| System control number | (Sirsi) u139301 |
| 041 0# - LANGUAGE CODE | |
| Language code of text/sound track or separate title | eng |
| 050 04 - LIBRARY OF CONGRESS CALL NUMBER | |
| Classification number | 711.309421 $2 18 |
| 110 1# - MAIN ENTRY--CORPORATE NAME | |
| Corporate name or jurisdiction name as entry element | London |
| Subordinate unit | Greater London Authority |
| 9 (RLIN) | 3989 |
| 245 00 - TITLE STATEMENT | |
| Title | London view management framework |
| Remainder of title | the London Plan supplementary planning guidance |
| Medium | [electronic resource] |
| 260 ## - PUBLICATION, DISTRIBUTION, ETC. | |
| Place of publication, distribution, etc. | London |
| Name of publisher, distributor, etc. | GLA |
| Date of publication, distribution, etc. | 2007 |
| 520 ## - SUMMARY, ETC. | |
| Summary, etc. | Provides guidance on the policies contained in the London Plan (L125752). Introduces a methods of assessment to be used in the management of views. They are based on the principles of good design and existing national, regional and local planning policies. Individual Management Plans are presented for each of the 26 designated London Views. These will be of interest to landowners and developers in nearby boroughs. Technical appendices. |
| 520 ## - SUMMARY, ETC. | |
| Summary, etc. | Superseded by the 2009 London view management framework ISBN 9781847812636 (L147724). |
| 590 ## - LOCAL NOTE (RLIN) | |
| Local note | KA |
| 651 #4 - SUBJECT ADDED ENTRY--GEOGRAPHIC NAME | |
| Geographic name | London |
| 690 ## - LOCAL SUBJECT ADDED ENTRY--TOPICAL TERM (OCLC, RLIN) | |
| Topical term or geographic name as entry element | ENVIRONMENTAL AND LAND CONSULTANCY-PLANNING AND DEVELOPMENT-STRATEGIC PLANNING |
| 856 40 - ELECTRONIC LOCATION AND ACCESS | |
| Uniform Resource Identifier | <a href="https://www.london.gov.uk/mayor/strategies/sds/spg-views.jsp">https://www.london.gov.uk/mayor/strategies/sds/spg-views.jsp</a> |
| Public note | View the article free of charge... |
| 942 ## - ADDED ENTRY ELEMENTS (KOHA) | |
| Suppress in OPAC | 0 |
| Withdrawn status | Lost status | Source of classification or shelving scheme | Damaged status | Not for loan | Home library | Current library | Shelving location | Date acquired | Total Checkouts | Full call number | Barcode | Date last seen | Copy number | Price effective from | Koha item type |
|---|---|---|---|---|---|---|---|---|---|---|---|---|---|---|---|
| Dewey Decimal Classification | Virtual | Virtual | Online | 25/07/2007 | ONLINE PUBLICATION | 139301-1001 | 06/08/2019 | 1 | 06/08/2019 | Book |